1819 1048 1225 1155 1809 1804 1672 1036 1693 1433 1449 1014 1112 1339 1850 1595 1274 1099 1071 1590 1313 1884 1453 1120 1214 1803 1427 1689 1621 1006 1057 1137 1244 1830 1491 1194 1814 1788 1999 1412 1463 1877 1031 1429 1595 1122 1037 1984 1497 1597 1233 1792 1870 1313 1489 1081 1941 1842 1525 1625 1707 1772 1008 1025 1569 1494 1413 1850 1865 1150 1889 1305 1190 1801 1418 1834 1173 1869 1361 1687 1517 1732 1466 1212 1744 1685 1595 1461 1137 1499 1687 1680 1939 1042 1444 1230 1910 1891 1543 BCNSPRNW ULIB Ver.6.0+V

เปลี่ยนเป็นภาษาไทย

Change to English
 แสดงรายละเอียดบรรณานุกรม
  กลับหน้าหลัก

Brief Record : Get Marc (ISO 2709) : E-mail record : QR code < ปิดหน้าต่าง
LEADER : 00000nas 2200000uu 4500
001    13399122960
003     ULIB
008    020711sมปป. th a 000 0 tha d
022    08575215
110    กองสนับสนุนสุขภาพภาคประชาชน
245    วารสารสุขภาพภาคประชาชนภาคเหนือ(วิทยาเขตนครสวรรค์)/^cกองสนับสนุนสุขภาพภาคประชาชน
260    นครสวรรค์ :^bทิศทางการพิมพ์,^cมปป.
310    ^aรายสองเดือน
850 ^a ULIB:campus^bปีที่ 25 ฉบับที่ 4 ;ปีที่ 26 ฉบับที่ 1 ;ปีที่ 27 ฉบับที่ 4 ฉ.1 ;ปีที่ 28 ฉบับที่ 1 ฉ.1 ;ปีที่ 29 ฉบับที่ 2 ฉ.1
850 ^a ULIB^bปีที่ 29 ฉบับที่ 3 ฉ.1
945    ^p0^l0^i800705
945    ^p0^l0^i800929
945    ^p0^l0^i801469
945    ^p0^l0^i801589
945    ^p0^l0^i802002
945    ^p0^l0^i904725
999    ^aทศพร เกษรทอง
รายการนี้ยังไม่มีแท็ก
คุณยังไม่ได้ล็อกอิน คุณสามารถมีกิจกรรมร่วมกับเว็บไซต์ได้ แต่ต้องล็อกอินก่อน ::
  ล็อกอิน

รายการสื่อสารสนเทศ (วารสาร)

ดูแบบ: กล่อง รายการ
ARRIVED
ปีที่ 25 ฉบับที่ 4
สถานที่: ห้องสมุดวิทยาเขตนครสวรรค์ >วารสาร
ARRIVED
ปีที่ 26 ฉบับที่ 1
สถานที่: ห้องสมุดวิทยาเขตนครสวรรค์ >วารสาร
ARRIVED
ปีที่ 27 ฉบับที่ 4 ฉ.1
สถานที่: ห้องสมุดวิทยาเขตนครสวรรค์ >วารสาร
ARRIVED
ปีที่ 28 ฉบับที่ 1 ฉ.1
สถานที่: ห้องสมุดวิทยาเขตนครสวรรค์ >วารสาร
ARRIVED
ปีที่ 29 ฉบับที่ 2 ฉ.1
สถานที่: ห้องสมุดวิทยาเขตนครสวรรค์ >วารสาร
ARRIVED
ปีที่ 29 ฉบับที่ 3 ฉ.1
สถานที่: ห้องสมุดวิทยาเขตสวรรค์ประชารักษ์ >วารสาร

BibComment


ยังไม่เคยถูกคอมเมนท์

คอมเมนท์ทรัพยากรรายการนี้
  คอมเมนท์: วารสารสุขภาพภาคปร..


 Copyright 2026. Bcnsprnw @Library